Plantae Colombianae I, a new species of Herrania from the Putumayo (Registro nro. 11398)

Detalles MARC
000 -CABECERA
Campo de control 004800000a22001690004500
090 ## - CLASIFICACIÓN LOCAL
Colección AR
Consecutivo 02327
041 0# - IDIOMA
Código de idioma para texto/pista de sonido o título separado
100 1# - ASIENTO PRINCIPAL--NOMBRE PERSONAL
Nombre personal Evans Schultes, Richard
245 10 - MENCION DE TITULO
Título Plantae Colombianae I, a new species of Herrania from the Putumayo
650 14 - ASIENTO SECUNDARIO DE MATERIA - TERMINO TEMATICO
Término temático o nombre geográfico como elemento de entrada Botánica
650 14 - ASIENTO SECUNDARIO DE MATERIA - TERMINO TEMATICO
Término temático o nombre geográfico como elemento de entrada Nuevas especies
650 14 - ASIENTO SECUNDARIO DE MATERIA - TERMINO TEMATICO
Término temático o nombre geográfico como elemento de entrada Vegetación
651 #4 - ASIENTO SECUNDARIO DE MATERIA - NOMBRE GEOGRAFICO
-- Putumayo
-- Colombia
653 ## - TERMINO DE INDIZACION - NO CONTROLADO
-- Herrania
773 1# - Item fuente:
Título Caldasia
Especificación de materiales 45
Descripción física 4
Paginas del Articulo 19-24
Lugar, editorial y fecha de publicación 1942
Información sobre la relación 1
942 ## - ELEMENTOS ADICIONALES (KOHA)
Tipo de ítem Artículo
Existencias
Withdrawn status Lost status Damaged status No para préstamo Colección Ubicación Permanente Ubicación actual Fecha de adquisición Fuente de Valor Datos de publicación Seriada Total Checkouts Número topográfico Inventario / Código de Barras Date last seen Ejemplar Price effective from Forma de adquisición Tipo de material
      No para Préstamo Hemeroteca Bogotá Bogotá 27/02/2015 Schmidt, Nubia de Fuera de circulación   AR 02327 012740 25/03/2015 1 25/03/2015   Artículo